00974nam a22002177a 45000010005000000030006000050050017000110080041000280200018000690400029000870500008001161000018001242450077001422600038002193000052002575050008003095200356003175210029006735210020007027000034007227096FISKH20250620162123.0250620b cb ||||| |||| 00| 0 eng d a9789996345036 aFISKHbengcFISKHdFISKH aPZ7 aKhing , Ravie aAround the world with Sophie & Remy /cBy Ravie Khing and Kristin Hakim  aPhnom Penh :bOpen Book , c2013. a98 pages :bcolor illustrations ;c17 x23 cm .  aP  aSophie and Remy could be two curious, brave, and adventurous characters who embark on a journey across the globe. Each chapter might take them to a different country or city, where they explore unique cultures, landmarks, and traditions. The story might be aimed at young readers, showcasing global diversity and teaching geography in an engaging way.8 a650 bLexile estimate 8 aP bRaz-Plus  aHakim, KristineeIllustrator